000
00273nam a22001337a 4500
020
_a
0-7214-0864-8
082
_a
821
_b
LAD/J
100
_a
LADY BIRD
245
_a
JACK AND JILL
260
_a
UK
_b
LADY BIRD
300
_a
38
650
_a
ENGLISH RHYMES
_z
LONDON
942
_c
BK
999
_c
1729
_d
1729